[Event "DEM U10 2021"]
[Site "Willingen GER"]
[Date "2021.08.29"]
[Round "11"]
[White "Polzin, Gustav"]
[Black "Stichter, Constantin"]
[Result "1/2-1/2"]
[Termination "normal"]
[Board "5"]
[WhiteElo "1618"]
[BlackElo "1444"]
[WhiteClock "00:21:36"]
[BlackClock "00:11:51"]
[PlyCount "117"]
[WhiteFideId "34603280"]
[BlackFideId "34603140"]
[EventCountry "GER"]
[EventRounds "11"]
[EventType "swiss"]
[EventDate "2021.08.22"]

1. e4 {[%clk 01:15:57]} {[%emt 00:00:03]} e6 {[%clk 01:15:52]} {[%emt
00:00:09]} 2. d4 {[%clk 01:16:18]} {[%emt 00:00:09]} d5 {[%clk 01:16:19]}
{[%emt 00:00:02]} 3. Nd2 {[%clk 01:16:40]} {[%emt 00:00:09]} Nf6 {[%clk
01:16:41]} {[%emt 00:00:07]} 4. e5 {[%clk 01:16:58]} {[%emt 00:00:11]} Nfd7
{[%clk 01:17:02]} {[%emt 00:00:10]} 5. Bd3 {[%clk 01:17:13]} {[%emt 00:00:16]}
c5 {[%clk 01:17:27]} {[%emt 00:00:05]} 6. c3 {[%clk 01:17:21]} {[%emt
00:00:21]} Nc6 {[%clk 01:17:23]} {[%emt 00:00:35]} 7. Ne2 {[%clk 01:17:22]}
{[%emt 00:00:28]} cxd4 {[%clk 01:15:51]} {[%emt 00:02:03]} 8. cxd4 {[%clk
01:15:54]} {[%emt 00:01:59]} f6 {[%clk 01:14:26]} {[%emt 00:01:55]} 9. exf6
{[%clk 01:15:12]} {[%emt 00:01:12]} Nxf6 {[%clk 01:14:41]} {[%emt 00:00:15]}
10. O-O {[%clk 01:14:11]} {[%emt 00:01:30]} Bd6 {[%clk 01:14:10]} {[%emt
00:01:02]} 11. Nf3 {[%clk 01:14:17]} {[%emt 00:00:24]} O-O {[%clk 01:14:27]}
{[%emt 00:00:12]} 12. Bf4 {[%clk 01:14:28]} {[%emt 00:00:18]} Ne4 {[%clk
01:09:29]} {[%emt 00:05:30]} 13. Bxd6 {[%clk 01:12:10]} {[%emt 00:02:48]} Nxd6
{[%clk 01:08:44]} {[%emt 00:01:15]} 14. a3 {[%clk 01:10:27]} {[%emt 00:02:14]}
Qf6 {[%clk 01:08:29]} {[%emt 00:00:44]} 15. Qc2 {[%clk 01:08:15]} {[%emt
00:02:42]} h6 {[%clk 01:07:28]} {[%emt 00:01:31]} 16. Rfe1 {[%clk 01:07:39]}
{[%emt 00:01:06]} Bd7 {[%clk 01:02:47]} {[%emt 00:05:11]} 17. Rac1 {[%clk
01:04:44]} {[%emt 00:03:25]} Rae8 {[%clk 01:00:14]} {[%emt 00:03:03]} 18. Qd2
{[%clk 00:57:28]} {[%emt 00:07:47]} Kh8 {[%clk 00:53:13]} {[%emt 00:07:31]} 19.
Ng3 {[%clk 00:56:35]} {[%emt 00:01:19]} Nf5 {[%clk 00:40:44]} {[%emt 00:13:02]}
20. Ne5 {[%clk 00:49:32]} {[%emt 00:07:33]} Nxe5 {[%clk 00:31:50]} {[%emt
00:09:23]} 21. dxe5 {[%clk 00:47:37]} {[%emt 00:02:26]} Qf7 {[%clk 00:29:42]}
{[%emt 00:02:38]} 22. Rc7 {[%clk 00:44:25]} {[%emt 00:03:42]} Nxg3 {[%clk
00:25:09]} {[%emt 00:05:02]} 23. fxg3 {[%clk 00:43:53]} {[%emt 00:01:03]} Rb8
{[%clk 00:17:41]} {[%emt 00:07:59]} 24. Bb5 {[%clk 00:34:52]} {[%emt 00:09:30]}
Rfd8 {[%clk 00:16:14]} {[%emt 00:01:57]} 25. Rec1 {[%clk 00:32:57]} {[%emt
00:02:24]} Qe8 {[%clk 00:15:20]} {[%emt 00:01:24]} 26. Bd3 {[%clk 00:32:14]}
{[%emt 00:01:14]} Bc6 {[%clk 00:14:46]} {[%emt 00:01:03]} 27. Bb1 {[%clk
00:29:44]} {[%emt 00:03:00]} Rd7 {[%clk 00:11:20]} {[%emt 00:03:58]} 28. Qd3
{[%clk 00:29:47]} {[%emt 00:00:26]} g5 {[%clk 00:10:22]} {[%emt 00:01:28]} 29.
Rxd7 {[%clk 00:29:36]} {[%emt 00:00:41]} Qxd7 {[%clk 00:10:39]} {[%emt
00:00:13]} 30. Qg6 {[%clk 00:29:47]} {[%emt 00:00:19]} Qg7 {[%clk 00:10:26]}
{[%emt 00:00:43]} 31. Qxe6 {[%clk 00:30:06]} {[%emt 00:00:11]} Re8 {[%clk
00:10:45]} {[%emt 00:00:11]} 32. Qf6 {[%clk 00:29:36]} {[%emt 00:00:56]} Rxe5
{[%clk 00:09:37]} {[%emt 00:01:42]} 33. Qf2 {[%clk 00:28:04]} {[%emt 00:02:02]}
Re8 {[%clk 00:09:37]} {[%emt 00:00:30]} 34. Bd3 {[%clk 00:24:34]} {[%emt
00:16:47]} a6 {[%clk 00:09:13]} 35. Bxa6 {[%clk 00:24:23]} d4 {[%clk 00:06:59]}
36. Bc4 {[%clk 00:23:39]} Qe5 {[%clk 00:05:24]} 37. Rd1 {[%clk 00:22:41]} Qe3
{[%clk 00:04:05]} 38. Qxe3 {[%clk 00:21:29]} dxe3 {[%clk 00:04:30]} 39. Be2
{[%clk 00:21:42]} {[%emt 00:00:13]} Kg7 {[%clk 00:04:09]} {[%emt 00:00:49]} 40.
Bf3 {[%clk 00:21:36]} {[%emt 00:00:38]} Re6 {[%clk 00:02:11]} {[%emt 00:02:27]}
41. Kf1 {[%clk 00:19:42]} {[%emt 00:02:25]} e2+ {[%clk 00:01:54]} {[%emt
00:00:47]} 42. Bxe2 {[%clk 00:18:52]} {[%emt 00:01:20]} Bxg2+ {[%clk 00:02:16]}
{[%emt 00:00:07]} 43. Kf2 {[%clk 00:19:16]} {[%emt 00:00:06]} Bc6 {[%clk
00:02:35]} {[%emt 00:00:11]} 44. b4 {[%clk 00:18:42]} {[%emt 00:01:05]} b5
{[%clk 00:02:56]} {[%emt 00:00:09]} 45. Ra1 {[%clk 00:18:36]} {[%emt 00:00:36]}
Re5 {[%clk 00:00:46]} {[%emt 00:02:41]} 46. Rc1 {[%clk 00:18:50]} {[%emt
00:00:15]} Be8 {[%clk 00:15:09]} {[%emt 00:01:06]} 47. Rc3 {[%clk 00:31:35]}
{[%emt 00:02:46]} Kf6 {[%clk 00:13:41]} {[%emt 00:01:58]} 48. Bf3 {[%clk
00:31:15]} {[%emt 00:00:49]} Re6 {[%clk 00:12:29]} {[%emt 00:01:43]} 49. Rc5
{[%clk 00:29:01]} {[%emt 00:02:44]} Re5 {[%clk 00:12:37]} {[%emt 00:00:23]} 50.
Rxe5 {[%clk 00:27:35]} {[%emt 00:01:55]} Kxe5 {[%clk 00:12:39]} {[%emt
00:00:28]} 51. Ke3 {[%clk 00:28:04]} Bd7 {[%clk 00:12:56]} {[%emt 00:00:13]}
52. Kd3 {[%clk 00:28:04]} {[%emt 00:00:31]} Be8 {[%clk 00:13:20]} {[%emt
00:00:06]} 53. Kc3 {[%clk 00:28:02]} {[%emt 00:00:32]} Bd7 {[%clk 00:13:15]}
{[%emt 00:00:34]} 54. Kd3 {[%clk 00:22:38]} {[%emt 00:05:55]} Be8 {[%clk
00:12:18]} {[%emt 00:01:27]} 55. Ke3 {[%clk 00:22:53]} {[%emt 00:00:15]} Bd7
{[%clk 00:12:31]} {[%emt 00:00:17]} 56. Bd1 {[%clk 00:22:51]} {[%emt 00:00:31]}
Be8 {[%clk 00:12:34]} {[%emt 00:00:27]} 57. Be2 {[%clk 00:22:57]} {[%emt
00:00:25]} Bd7 {[%clk 00:12:54]} {[%emt 00:00:09]} 58. Kf3 {[%clk 00:23:04]}
{[%emt 00:00:25]} Kd4 {[%clk 00:11:51]} {[%emt 00:01:31]} 59. h4 {[%clk
00:21:36]} {[%emt 00:01:58]} 1/2-1/2

[Event "DEM U10 2021"]
[Site "Willingen GER"]
[Date "2021.08.29"]
[Round "11"]
[White "Rau, Eduard"]
[Black "Dodul, Arthur"]
[Result "1-0"]
[Termination "normal"]
[Board "6"]
[WhiteElo "1276"]
[BlackElo "1285"]
[WhiteClock "01:03:48"]
[BlackClock "00:33:47"]
[PlyCount "89"]
[WhiteFideId "16287231"]
[BlackFideId "34609016"]
[EventCountry "GER"]
[EventRounds "11"]
[EventType "swiss"]
[EventDate "2021.08.22"]

1. e4 {[%clk 01:15:59]} e5 {[%clk 01:15:51]} {[%emt 00:00:08]} 2. Nf3 {[%clk
01:16:25]} {[%emt 00:00:04]} Nc6 {[%clk 01:16:08]} {[%emt 00:00:13]} 3. Bb5
{[%clk 01:16:52]} {[%emt 00:00:04]} a6 {[%clk 01:16:18]} {[%emt 00:00:19]} 4.
Ba4 {[%clk 01:17:01]} {[%emt 00:00:22]} Nf6 {[%clk 01:16:41]} {[%emt 00:00:06]}
5. d3 {[%clk 01:17:27]} {[%emt 00:00:05]} b5 {[%clk 01:15:31]} {[%emt
00:01:39]} 6. Bb3 {[%clk 01:17:43]} {[%emt 00:00:14]} Be7 {[%clk 01:13:44]}
{[%emt 00:02:17]} 7. c3 {[%clk 01:17:58]} {[%emt 00:00:15]} O-O {[%clk
01:12:39]} {[%emt 00:01:35]} 8. O-O {[%clk 01:18:21]} {[%emt 00:00:08]} d6
{[%clk 01:11:55]} {[%emt 00:01:13]} 9. Nbd2 {[%clk 01:18:16]} {[%emt 00:00:47]}
Bg4 {[%clk 01:10:45]} {[%emt 00:01:29]} 10. h3 {[%clk 01:17:42]} {[%emt
00:01:04]} Bh5 {[%clk 01:10:19]} {[%emt 00:00:53]} 11. Re1 {[%clk 01:18:07]}
{[%emt 00:00:08]} Nb8 {[%emt 00:01:27]} 12. Nf1 {[%clk 01:17:35]} {[%emt
00:00:17]} Nbd7 {[%emt 00:01:13]} 13. Ng3 {[%clk 01:17:39]} {[%emt 00:00:23]}
Bg6 {[%clk 01:08:51]} {[%emt 00:01:05]} 14. Nh4 {[%clk 01:17:15]} {[%emt
00:00:55]} Kh8 {[%clk 01:04:26]} {[%emt 00:04:55]} 15. Nhf5 {[%clk 01:17:02]}
{[%emt 00:00:43]} Nc5 {[%clk 01:03:38]} {[%emt 00:01:17]} 16. Bc2 {[%clk
01:17:25]} {[%emt 00:00:08]} Nfd7 {[%clk 01:02:06]} {[%emt 00:01:58]} 17. d4
{[%clk 01:17:17]} {[%emt 00:00:41]} Ne6 {[%clk 01:01:34]} {[%emt 00:01:02]} 18.
a4 {[%clk 01:14:10]} {[%emt 00:03:39]} Bf6 {[%clk 00:59:25]} {[%emt 00:02:38]}
19. Be3 {[%clk 01:13:27]} {[%emt 00:01:12]} Nb6 {[%clk 00:59:03]} {[%emt
00:00:49]} 20. b3 {[%clk 01:11:28]} {[%emt 00:02:33]} bxa4 {[%clk 00:59:10]}
{[%emt 00:00:22]} 21. bxa4 {[%clk 01:10:55]} {[%emt 00:01:03]} Nc4 {[%clk
00:58:08]} {[%emt 00:01:31]} 22. Bc1 {[%clk 01:11:11]} {[%emt 00:00:15]} Rb8
{[%clk 00:57:32]} {[%emt 00:01:07]} 23. Qe2 {[%clk 01:09:07]} {[%emt 00:02:34]}
Nb6 {[%clk 00:53:58]} {[%emt 00:04:03]} 24. a5 {[%clk 01:08:41]} {[%emt
00:00:57]} Nd7 {[%clk 00:54:08]} {[%emt 00:00:19]} 25. Be3 {[%clk 01:07:39]}
{[%emt 00:01:32]} Rb2 {[%emt 00:02:20]} 26. Reb1 {[%emt 00:00:41]} Rxb1+ {[%clk
00:49:47]} {[%emt 00:01:51]} 27. Rxb1 {[%clk 01:07:42]} {[%emt 00:00:26]} c5
{[%clk 00:49:22]} {[%emt 00:00:56]} 28. d5 {[%clk 01:07:35]} {[%emt 00:00:36]}
Nc7 {[%clk 00:48:35]} {[%emt 00:01:16]} 29. Nxd6 {[%clk 01:07:43]} {[%emt
00:00:23]} Be7 {[%clk 00:47:16]} {[%emt 00:01:48]} 30. Nb7 {[%clk 01:07:49]}
{[%emt 00:00:26]} Qa8 {[%clk 00:46:50]} {[%emt 00:00:43]} 31. d6 {[%clk
01:07:58]} {[%emt 00:00:33]} Nb5 {[%clk 00:46:15]} {[%emt 00:01:04]} 32. dxe7
{[%clk 01:07:54]} {[%emt 00:00:36]} Re8 {[%clk 00:46:15]} {[%emt 00:00:25]} 33.
Rb3 {[%clk 01:06:28]} {[%emt 00:02:02]} c4 {[%clk 00:45:11]} {[%emt 00:01:32]}
34. Qxc4 {[%clk 01:04:40]} {[%emt 00:02:19]} Qxb7 {[%clk 00:44:59]} {[%emt
00:00:42]} 35. Qd3 {[%clk 01:04:16]} {[%emt 00:00:54]} Qc6 {[%clk 00:41:28]}
{[%emt 00:03:57]} 36. c4 {[%clk 01:03:41]} {[%emt 00:01:09]} Nd6 {[%clk
00:40:27]} {[%emt 00:01:30]} 37. Rb4 {[%clk 01:02:59]} {[%emt 00:01:13]} h6
{[%clk 00:39:54]} {[%emt 00:01:03]} 38. Ba4 {[%clk 01:03:11]} {[%emt 00:00:18]}
Nc5 {[%clk 00:37:09]} {[%emt 00:03:15]} 39. Bxc6 {[%clk 01:02:24]} {[%emt
00:01:17]} Nxd3 {[%clk 00:37:07]} {[%emt 00:00:32]} 40. Rb3 {[%clk 01:02:21]}
{[%emt 00:00:33]} Rxe7 {[%clk 00:35:13]} {[%emt 00:02:25]} 41. Rxd3 {[%clk
01:02:45]} {[%emt 00:00:05]} Nxc4 {[%clk 00:35:10]} {[%emt 00:00:31]} 42. Rd8+
{[%clk 01:02:34]} {[%emt 00:00:41]} Kh7 {[%clk 00:35:17]} {[%emt 00:00:23]} 43.
Bb6 {[%clk 01:03:01]} {[%emt 00:00:05]} Re6 {[%clk 00:35:01]} {[%emt 00:00:40]}
44. Bd5 {[%clk 01:03:27]} {[%emt 00:00:11]} Rd6 {[%clk 00:33:47]} {[%emt
00:01:42]} 45. Bxc4 {[%clk 01:03:48]} {[%emt 00:00:10]} 1-0

[Event "DEM U10 2021"]
[Site "Willingen GER"]
[Date "2021.08.29"]
[Round "11"]
[White "Teng, David"]
[Black "Sydykov, Bayastan"]
[Result "1/2-1/2"]
[Termination "normal"]
[Board "7"]
[WhiteElo "1380"]
[BlackElo "1209"]
[WhiteClock "00:22:42"]
[BlackClock "00:55:01"]
[PlyCount "80"]
[WhiteFideId "34604570"]
[BlackFideId "13829610"]
[EventCountry "GER"]
[EventRounds "11"]
[EventType "swiss"]
[EventDate "2021.08.22"]

1. e4 {[%clk 01:15:59]} {[%emt 14:21:08]} e6 {[%clk 01:15:55]} {[%emt
00:00:06]} 2. d4 {[%clk 01:16:21]} {[%emt 00:00:07]} d5 {[%clk 01:16:14]}
{[%emt 00:00:10]} 3. Nd2 {[%clk 01:16:42]} {[%emt 00:00:10]} c5 {[%clk
01:16:31]} {[%emt 00:00:13]} 4. Ngf3 {[%clk 01:17:07]} {[%emt 00:00:05]} Nf6
{[%clk 01:16:00]} {[%emt 00:00:57]} 5. Bb5+ {[%clk 01:16:04]} {[%emt 00:01:37]}
Nc6 {[%clk 01:15:53]} {[%emt 00:00:37]} 6. exd5 {[%clk 01:16:20]} {[%emt
00:00:15]} exd5 {[%clk 01:15:55]} {[%emt 00:00:27]} 7. O-O {[%clk 01:15:18]}
{[%emt 00:01:30]} Be7 {[%clk 01:15:57]} {[%emt 00:00:28]} 8. Bxc6+ {[%clk
01:14:59]} {[%emt 00:00:51]} bxc6 {[%clk 01:16:15]} {[%emt 00:00:12]} 9. Nb3
{[%clk 01:14:49]} {[%emt 00:00:38]} c4 {[%clk 01:13:59]} {[%emt 00:02:48]} 10.
Nbd2 {[%clk 01:14:38]} {[%emt 00:00:39]} O-O {[%clk 01:13:20]} {[%emt
00:01:11]} 11. Re1 {[%clk 01:12:26]} {[%emt 00:02:43]} Bf5 {[%clk 01:12:58]}
{[%emt 00:00:52]} 12. Nf1 {[%clk 01:12:41]} {[%emt 00:00:13]} Re8 {[%clk
01:12:35]} {[%emt 00:00:53]} 13. Bg5 {[%clk 01:05:41]} {[%emt 00:07:30]} h6
{[%clk 01:11:58]} {[%emt 00:01:18]} 14. Bh4 {[%clk 01:03:45]} {[%emt 00:02:16]}
Ne4 {[%clk 01:10:20]} {[%emt 00:02:07]} 15. Bxe7 {[%clk 01:03:40]} {[%emt
00:00:36]} Rxe7 {[%clk 01:09:27]} {[%emt 00:01:21]} 16. Ng3 {[%clk 01:03:37]}
{[%emt 00:00:33]} Nxg3 {[%clk 01:08:01]} {[%emt 00:01:58]} 17. hxg3 {[%clk
01:02:57]} {[%emt 00:01:08]} f6 {[%clk 01:06:46]} {[%emt 00:01:47]} 18. Qd2
{[%clk 01:02:09]} {[%emt 00:01:17]} g5 {[%clk 01:05:32]} {[%emt 00:01:45]} 19.
Rxe7 {[%clk 01:00:19]} {[%emt 00:02:20]} Qxe7 {[%clk 01:05:52]} {[%emt
00:00:09]} 20. Re1 {[%clk 01:00:42]} {[%emt 00:00:07]} Be4 {[%clk 01:05:47]}
{[%emt 00:00:36]} 21. Nh2 {[%clk 00:54:20]} {[%emt 00:06:51]} Qd7 {[%clk
01:05:32]} {[%emt 00:00:44]} 22. f3 {[%clk 00:52:41]} {[%emt 00:02:11]} Bf5
{[%clk 01:05:49]} {[%emt 00:00:13]} 23. f4 {[%clk 00:47:13]} {[%emt 00:05:58]}
g4 {[%clk 01:02:30]} {[%emt 00:03:49]} 24. b3 {[%clk 00:46:17]} {[%emt
00:01:26]} cxb3 {[%clk 01:02:36]} {[%emt 00:00:24]} 25. cxb3 {[%clk 00:45:30]}
{[%emt 00:01:16]} Be4 {[%clk 01:02:12]} {[%emt 00:00:54]} 26. Rc1 {[%clk
00:41:29]} {[%emt 00:04:31]} f5 {[%clk 00:58:48]} {[%emt 00:03:50]} 27. Qc3
{[%clk 00:41:32]} {[%emt 00:00:32]} Rc8 {[%clk 00:58:13]} {[%emt 00:01:05]} 28.
b4 {[%clk 00:38:25]} {[%emt 00:03:36]} Qb7 {[%clk 00:58:08]} {[%emt 00:00:37]}
29. a4 {[%clk 00:35:46]} {[%emt 00:03:08]} Qa6 {[%clk 00:58:09]} {[%emt
00:00:29]} 30. Nf1 {[%clk 00:32:13]} {[%emt 00:04:03]} h5 {[%emt 00:02:23]} 31.
Nd2 {[%clk 00:31:14]} {[%emt 00:00:14]} Qxa4 {[%clk 00:56:30]} {[%emt
00:01:31]} 32. Nxe4 {[%clk 00:31:03]} {[%emt 00:00:40]} fxe4 {[%clk 00:56:26]}
{[%emt 00:00:34]} 33. Ra1 {[%clk 00:30:57]} {[%emt 00:00:36]} Qb5 {[%clk
00:56:22]} {[%emt 00:00:35]} 34. Rxa7 {[%clk 00:30:15]} {[%emt 00:01:11]} Qe2
{[%clk 00:55:40]} {[%emt 00:01:13]} 35. Ra1 {[%clk 00:30:34]} {[%emt 00:00:12]}
e3 {[%clk 00:54:46]} {[%emt 00:02:26]} 36. Re1 {[%clk 00:27:08]} {[%emt
00:03:56]} Qf2+ {[%clk 00:55:10]} {[%emt 00:00:06]} 37. Kh2 {[%clk 00:27:15]}
{[%emt 00:00:22]} e2 {[%clk 00:55:26]} {[%emt 00:00:15]} 38. Qd3 {[%clk
00:22:21]} {[%emt 00:05:24]} h4 {[%clk 00:54:51]} {[%emt 00:01:04]} 39. Qg6+
{[%clk 00:22:20]} {[%emt 00:00:31]} Kf8 {[%clk 00:54:57]} {[%emt 00:00:24]} 40.
Qf6+ {[%clk 00:22:42]} {[%emt 00:00:09]} Ke8 {[%clk 00:55:01]} {[%emt
00:00:25]} 1/2-1/2

[Event "DEM U10 2021"]
[Site "Willingen GER"]
[Date "2021.08.29"]
[Round "11"]
[White "Radeke, Timothy"]
[Black "Mandalka, Justus"]
[Result "0-1"]
[Termination "normal"]
[Board "8"]
[WhiteElo "1169"]
[BlackElo "1440"]
[WhiteClock "00:50:39"]
[BlackClock "00:39:59"]
[PlyCount "68"]
[WhiteFideId "16289412"]
[BlackFideId "16298144"]
[EventCountry "GER"]
[EventRounds "11"]
[EventType "swiss"]
[EventDate "2021.08.22"]

1. e4 {[%clk 01:15:58]} {[%emt 00:00:01]} c5 {[%clk 01:15:54]} {[%emt
00:00:07]} 2. Nf3 {[%clk 01:16:23]} {[%emt 00:00:05]} Nc6 {[%clk 01:16:17]}
{[%emt 00:00:07]} 3. d4 {[%clk 01:16:48]} {[%emt 00:00:04]} cxd4 {[%clk
01:16:41]} {[%emt 00:00:06]} 4. Nxd4 {[%clk 01:17:13]} {[%emt 00:00:06]} g6
{[%clk 01:17:04]} {[%emt 00:00:07]} 5. c4 {[%clk 01:17:38]} {[%emt 00:00:05]}
Bg7 {[%clk 01:17:29]} {[%emt 00:00:05]} 6. Be3 {[%clk 01:17:44]} {[%emt
00:00:23]} Nf6 {[%clk 01:17:50]} {[%emt 00:00:08]} 7. Nc3 {[%clk 01:17:26]}
{[%emt 00:00:49]} d6 {[%clk 01:17:26]} {[%emt 00:00:54]} 8. Be2 {[%clk
01:17:08]} {[%emt 00:00:48]} Bd7 {[%clk 01:17:11]} {[%emt 00:00:45]} 9. O-O
{[%clk 01:16:12]} {[%emt 00:01:26]} O-O {[%clk 01:17:32]} {[%emt 00:00:09]} 10.
f3 {[%clk 01:15:53]} {[%emt 00:00:49]} Nxd4 {[%clk 01:17:35]} {[%emt 00:00:26]}
11. Bxd4 {[%clk 01:16:07]} {[%emt 00:00:15]} Bc6 {[%clk 01:17:58]} {[%emt
00:00:09]} 12. b4 {[%clk 01:15:50]} {[%emt 00:00:48]} Ne8 {[%clk 01:15:21]}
{[%emt 00:03:05]} 13. b5 {[%clk 01:13:27]} {[%emt 00:02:54]} Bd7 {[%clk
01:15:19]} {[%emt 00:00:31]} 14. Nd5 {[%clk 01:12:04]} {[%emt 00:01:54]} Nc7
{[%clk 01:11:53]} {[%emt 00:03:56]} 15. Re1 {[%clk 01:08:51]} {[%emt 00:04:02]}
Ne6 {[%clk 01:10:12]} {[%emt 00:01:52]} 16. Bxg7 {[%emt 00:01:15]} Kxg7 {[%clk
01:10:07]} {[%emt 00:00:33]} 17. Bf1 {[%clk 01:07:55]} {[%emt 00:00:43]} f6
{[%clk 01:06:53]} {[%emt 00:03:45]} 18. f4 {[%clk 01:06:46]} {[%emt 00:01:39]}
Nc5 {[%clk 01:05:02]} {[%emt 00:02:20]} 19. f5 {[%clk 01:06:59]} {[%emt
00:00:18]} Re8 {[%clk 01:01:18]} {[%emt 00:04:14]} 20. Qg4 {[%clk 01:02:30]}
{[%emt 00:04:59]} e6 {[%clk 00:54:17]} {[%emt 00:07:30]} 21. fxe6 {[%clk
00:58:53]} {[%emt 00:04:07]} Bxe6 {[%clk 00:52:21]} {[%emt 00:02:26]} 22. Qf4
{[%clk 00:58:09]} {[%emt 00:01:14]} Bxd5 {[%clk 00:51:24]} {[%emt 00:01:26]}
23. exd5 {[%clk 00:58:14]} {[%emt 00:00:26]} Qb6 {[%clk 00:51:33]} {[%emt
00:00:20]} 24. Kh1 {[%clk 00:58:26]} {[%emt 00:00:19]} Nd7 {[%clk 00:51:34]}
{[%emt 00:00:30]} 25. Re6 {[%clk 00:58:00]} {[%emt 00:00:55]} Rxe6 {[%clk
00:50:55]} {[%emt 00:01:08]} 26. dxe6 {[%clk 00:58:22]} {[%emt 00:00:09]} Ne5
{[%clk 00:50:18]} {[%emt 00:01:06]} 27. a4 {[%clk 00:54:17]} {[%emt 00:04:36]}
Re8 {[%clk 00:48:49]} {[%emt 00:01:59]} 28. a5 {[%clk 00:53:44]} {[%emt
00:01:04]} Qc5 {[%clk 00:46:56]} {[%emt 00:02:22]} 29. Qe4 {[%clk 00:53:33]}
{[%emt 00:00:41]} Re7 {[%clk 00:44:05]} {[%emt 00:03:21]} 30. a6 {[%clk
00:53:07]} {[%emt 00:00:58]} b6 {[%clk 00:42:57]} {[%emt 00:01:38]} 31. Be2
{[%clk 00:52:33]} {[%emt 00:01:03]} f5 {[%clk 00:41:11]} {[%emt 00:02:15]} 32.
Qh4 {[%clk 00:51:44]} {[%emt 00:01:19]} Rxe6 {[%clk 00:39:45]} {[%emt
00:01:57]} 33. Qd8 {[%clk 00:51:53]} {[%emt 00:00:22]} Nf7 {[%clk 00:39:37]}
{[%emt 00:00:37]} 34. Bf3 {[%clk 00:50:39]} {[%emt 00:01:44]} Nxd8 {[%clk
00:39:59]} {[%emt 00:00:07]} 0-1

[Event "DEM U10 2021"]
[Site "Willingen GER"]
[Date "2021.08.29"]
[Round "11"]
[White "Rohatgi, Kushagra"]
[Black "Prashanthakumar, Arju"]
[Result "1-0"]
[Termination "normal"]
[Board "9"]
[WhiteElo "1473"]
[BlackElo "953"]
[WhiteClock "01:05:48"]
[BlackClock "00:58:16"]
[PlyCount "69"]
[WhiteFideId "34603212"]
[BlackFideId "34604065"]
[EventCountry "GER"]
[EventRounds "11"]
[EventType "swiss"]
[EventDate "2021.08.22"]

1. e4 {[%clk 01:15:54]} {[%emt 00:00:05]} e5 {[%clk 01:15:48]} {[%emt
00:00:13]} 2. Nf3 {[%clk 01:16:14]} {[%emt 00:00:09]} Nc6 {[%clk 01:16:03]}
{[%emt 00:00:16]} 3. Bc4 {[%clk 01:16:30]} {[%emt 00:00:14]} Bc5 {[%clk
01:16:16]} {[%emt 00:00:17]} 4. b4 {[%clk 01:15:34]} {[%emt 00:01:26]} Bxb4
{[%clk 01:15:48]} {[%emt 00:00:59]} 5. c3 {[%clk 01:15:52]} {[%emt 00:00:11]}
Bc5 {[%clk 01:15:51]} {[%emt 00:00:25]} 6. d4 {[%clk 01:15:48]} {[%emt
00:00:35]} exd4 {[%clk 01:15:52]} {[%emt 00:00:30]} 7. O-O {[%clk 01:15:59]}
{[%emt 00:00:18]} Nge7 {[%clk 01:14:43]} {[%emt 00:01:40]} 8. Ng5 {[%clk
01:16:00]} {[%emt 00:00:29]} O-O {[%clk 01:14:30]} {[%emt 00:00:43]} 9. Qh5
{[%clk 01:16:16]} {[%emt 00:00:14]} h6 {[%clk 01:13:45]} {[%emt 00:01:15]} 10.
Nxf7 {[%clk 01:16:10]} {[%emt 00:00:34]} Rxf7 {[%clk 01:11:59]} {[%emt
00:02:18]} 11. Bxf7+ {[%clk 01:16:13]} {[%emt 00:00:26]} Kf8 {[%clk 01:10:24]}
{[%emt 00:02:06]} 12. Bb3 {[%clk 01:16:10]} {[%emt 00:00:32]} Qe8 {[%clk
01:06:07]} {[%emt 00:04:45]} 13. Qf3+ {[%clk 01:16:15]} {[%emt 00:00:28]} Nf5
{[%clk 01:04:52]} {[%emt 00:01:45]} 14. Qxf5+ {[%clk 01:16:24]} {[%emt
00:00:21]} Ke7 {[%clk 01:05:11]} {[%emt 00:00:11]} 15. Qxc5+ {[%clk 01:16:43]}
{[%emt 00:00:11]} Kd8 {[%clk 01:05:27]} {[%emt 00:00:15]} 16. cxd4 {[%clk
01:16:06]} {[%emt 00:01:14]} b6 {[%clk 01:03:31]} {[%emt 00:02:17]} 17. Qd5
{[%clk 01:16:06]} {[%emt 00:00:31]} Ba6 {[%clk 01:03:25]} {[%emt 00:00:36]} 18.
Re1 {[%clk 01:15:22]} {[%emt 00:01:12]} Kc8 {[%clk 01:01:43]} {[%emt 00:02:13]}
19. Bc4 {[%clk 01:14:10]} {[%emt 00:01:41]} Bb7 {[%clk 01:01:53]} {[%emt
00:00:21]} 20. Ba3 {[%clk 01:10:37]} {[%emt 00:04:03]} Nb4 {[%clk 01:01:22]}
{[%emt 00:01:01]} 21. Qf5 {[%clk 01:06:52]} {[%emt 00:04:13]} Nc2 {[%clk
01:01:22]} {[%emt 00:00:32]} 22. Bf7 {[%clk 01:06:26]} {[%emt 00:00:56]} Qd8
{[%clk 01:00:41]} {[%emt 00:01:10]} 23. Nc3 {[%clk 01:04:46]} {[%emt 00:02:10]}
Nxa1 {[%clk 01:00:06]} {[%emt 00:01:06]} 24. Rxa1 {[%clk 01:05:02]} {[%emt
00:00:13]} a5 {[%clk 00:59:26]} {[%emt 00:01:11]} 25. Nd5 {[%clk 01:04:35]}
{[%emt 00:00:57]} b5 {[%clk 00:58:37]} {[%emt 00:01:19]} 26. Be7 {[%clk
01:04:28]} {[%emt 00:00:37]} Qh8 {[%clk 00:58:48]} {[%emt 00:00:18]} 27. Rc1
{[%clk 01:04:21]} {[%emt 00:00:38]} Bxd5 {[%clk 00:58:35]} {[%emt 00:00:43]}
28. Qxd5 {[%clk 01:04:14]} {[%emt 00:00:37]} Rb8 {[%clk 00:58:25]} {[%emt
00:00:41]} 29. Qc5 {[%clk 01:04:14]} {[%emt 00:00:30]} c6 {[%clk 00:58:23]}
{[%emt 00:00:30]} 30. d5 {[%clk 01:04:23]} {[%emt 00:00:22]} Kb7 {[%clk
00:57:01]} {[%emt 00:01:52]} 31. dxc6+ {[%clk 01:04:30]} {[%emt 00:00:23]} dxc6
{[%clk 00:57:17]} {[%emt 00:00:14]} 32. Qxc6+ {[%clk 01:04:51]} {[%emt
00:00:09]} Ka7 {[%clk 00:57:35]} {[%emt 00:00:12]} 33. Bc5+ {[%clk 01:05:10]}
{[%emt 00:00:10]} Rb6 {[%clk 00:57:53]} {[%emt 00:00:13]} 34. Qxb6+ {[%clk
01:05:28]} {[%emt 00:00:12]} Ka8 {[%clk 00:58:16]} {[%emt 00:00:07]} 35. Bd5#
{[%clk 01:05:48]} {[%emt 00:00:10]} 1-0